Statistics for 12 Game of Thrones Houses You Should Know

Click here to take the quiz!

General Stats

  • This quiz has been taken 2,283 times
    (2,282 since last reset)
  • The average score is 30 of 48

Answer Stats

HintAnswer% Correct
HouseStark
100%
HouseLannister
98%
HouseBaratheon
94%
HouseTyrell
92%
HouseTully
91%
HouseMartell
89%
HouseGreyjoy
88%
HouseTargaryen
88%
WordsWinter is Coming
86%
SigilDirewolf
84%
SeatWinterfell
84%
HouseArryn
81%
SigilGolden Lion
80%
SigilDragon
79%
SeatCasterly Rock
77%
SigilRose
74%
HouseBolton
73%
SigilSilver Trout
73%
SigilStag
72%
SeatHighgarden
71%
WordsHear Me Roar
70%
SigilSun and Spear
70%
SeatDragonstone
68%
SigilKraken
64%
WordsGrowing Strong
63%
SeatRiverrun
63%
WordsFire and Blood
61%
SeatPyke
60%
SeatStorm's End
60%
SeatSunspear
59%
SeatThe Eyrie
59%
WordsWe Do Not Sow
58%
SigilSoaring Falcon and Moon
57%
HouseMormont
55%
WordsOurs is the Fury
54%
WordsFamily. Duty. Honour.
52%
SigilFlayed Man
49%
SigilBlack Bear
46%
WordsUnbowed. Unbent. Unbroken.
45%
WordsAs High As Honour
41%
HouseTarly
41%
SeatThe Dreadfort
38%
SeatBear Island
35%
WordsOur Blades Are Sharp
17%
WordsHere We Stand
13%
SeatHorn Hill
13%
WordsFirst in Battle
8%
SigilStriding Huntsman
5%

Score Distribution

Percentile by Number Answered

Percent of People with Each Score

Your Score History

You have not taken this quiz since the last reset